[Event "Rijeka Paris Memorial 36th"]
[Site "Rijeka"]
[Date "2015.07.04"]
[Round "2"]
[White "Muslija, Idris"]
[Black "Hajdo, Dalia"]
[Result "1-0"]
[WhiteElo "2269"]
[BlackElo "1910"]
[PlyCount "79"]
[EventDate "2015.07.03"]
[EventType "swiss"]
[EventRounds "9"]
[EventCountry "CRO"]
[SourceTitle "CBM 167 Extra"]
[Source "ChessBase"]
[SourceDate "2015.09.14"]
[SourceVersion "1"]
[SourceVersionDate "2015.09.14"]
[SourceQuality "1"]

1. c4 Nf6 2. Nf3 d5 3. d4 c6 4. Qc2 g6 5. g3 Bf5 6. Qb3 Qb6 7. Bg2 Bg7 8. Nc3 Qxb3 9. axb3 Nbd7 10. Bf4 0-0 11. 0-0 h6 12. Nh4 Nb6 13. cxd5 Nbxd5 14. Be5 Ne4 15. Bxg7 Kxg7 16. Rfc1 Ndf6 17. Ra5 Ng4 18. Nd1 Rfd8 19. e3 b6 20. Ra6 Bc8 21. Ra4 Be6 22. Ra3 Bd5 23. b4 a5 24. Rca1 a4 25. h3 Ngf6 26. Rxa4 Rxa4 27. Rxa4 c5 28. bxc5 bxc5 29. Nc3 Nxc3 30. bxc3 Bb3 31. Ra7 e6 32. Nf3 Nd7 33. Nd2 Bc2 34. Nc4 Kf8 35. Bc6 Nb8 36. Bf3 Nd7 37. Na5 Ke8 38. Nb7 Rb8 39. Bc6 Ke7 40. Nxc5 1-0

[Event "Mediterranean op 7th"]
[Site "Rijeka"]
[Date "2014.11.12"]
[Round "6"]
[White "Muslija, Idris"]
[Black "Muskardin, Mario"]
[Result "0-1"]
[WhiteElo "2259"]
[BlackElo "2264"]
[PlyCount "95"]
[EventDate "2014.11.08"]
[EventType "swiss"]
[EventRounds "9"]
[EventCountry "CRO"]
[SourceTitle "CBM 163 Extra"]
[Source "ChessBase"]
[SourceDate "2014.12.23"]
[SourceVersion "1"]
[SourceVersionDate "2014.12.23"]
[SourceQuality "1"]

1. Nf3 Nf6 2. c4 e6 3. g3 b6 4. Bg2 Bb7 5. 0-0 Be7 6. Nc3 0-0 7. Re1 d6 8. e4 e5 9. d4 Nbd7 10. d5 a5 11. b3 Ne8 12. a3 g6 13. Bh6 Ng7 14. Qd2 Nc5 15. Rab1 Bc8 16. b4 Nb7 17. Ng5 Re8 18. f4 f6 19. Nf3 Bf8 20. Rf1 Qe7 21. Rbe1 Nd8 22. fxe5 dxe5 23. Rc1 axb4 24. axb4 Nf7 25. Be3 Qxb4 26. Nb5 Qe7 27. c5 Ba6 28. d6 cxd6 29. cxd6 Nxd6 30. Nxd6 Qxd6 31. Qxd6 Bxd6 32. Rfd1 Bc5 33. Bxc5 bxc5 34. Rxc5 Ne6 35. Rc2 Bb7 36. Rc4 Rad8 37. Rb1 Re7 38. Rb6 Kf7 39. Kf2 Rc8 40. Rxc8 Bxc8 41. Ke3 Ra7 42. Rb3 Bd7 43. Bf1 Ke7 44. Bc4 Nc5 45. Rc3 Be6 46. Be2 Kd6 47. h4 Ra2 48. Bf1 0-1

[Event "Rijeka Liburnija op 05"]
[Site "Rijeka"]
[Date "2014.05.25"]
[Round "6"]
[White "Muslija, Idris"]
[Black "Muskardin, Mario"]
[Result "1/2-1/2"]
[WhiteElo "2268"]
[BlackElo "2231"]
[PlyCount "101"]
[EventDate "2014.05.20"]
[EventType "swiss"]
[EventRounds "9"]
[EventCountry "CRO"]
[SourceTitle "CBM 160 Extra"]
[Source "ChessBase"]
[SourceDate "2014.07.01"]
[SourceVersion "1"]
[SourceVersionDate "2014.07.01"]
[SourceQuality "1"]

1. c4 e5 2. Nc3 Nf6 3. g3 Bb4 4. Qc2 0-0 5. Nf3 Re8 6. Bg2 c6 7. a3 Bxc3 8. Qxc3 e4 9. Nd4 d5 10. b4 Nbd7 11. Bb2 Nb6 12. cxd5 cxd5 13. Qb3 a5 14. bxa5 Nc4 15. Bc3 Nxa5 16. Qb4 Bg4 17. Qb5 Bd7 18. Qc5 Nc4 19. 0-0 Ra4 20. Nb3 Bc6 21. Bb4 Qa8 22. Bh3 Qa7 23. Qxa7 Rxa7 24. Nd4 Rea8 25. Nxc6 bxc6 26. Rfc1 Ra4 27. Kg2 h6 28. Bf5 c5 29. Bxc5 Nxd2 30. Rc3 d4 31. Rc2 Nb3 32. Rb1 Nxc5 33. Rxc5 g6 34. Bc8 Rxa3 35. Rb6 Kg7 36. Rcc6 Nd5 37. Rb7 Rc3 38. Be6 Rxc6 39. Bxd5 Rf6 40. Bxe4 Rc8 41. Bd3 Rd8 42. Bc4 Rdd6 43. h4 h5 44. Ra7 Rd8 45. Bd3 Rfd6 46. Bc4 R8d7 47. Ra8 Rd8 48. Ra7 R8d7 49. Ra1 Kf8 50. Kf3 Rc7 51. Bd3 1/2-1/2

[Event "Rijeka Liburnija op"]
[Site "Rijeka"]
[Date "2014.01.22"]
[Round "7"]
[White "Monjac, Mislav"]
[Black "Muslija, Idris"]
[Result "0-1"]
[WhiteElo "2148"]
[BlackElo "2296"]
[PlyCount "138"]
[EventDate "2014.01.17"]
[EventType "swiss"]
[EventRounds "9"]
[EventCountry "CRO"]
[SourceTitle "CBM 158 Extra"]
[Source "ChessBase"]
[SourceDate "2014.02.28"]
[SourceVersion "1"]
[SourceVersionDate "2014.02.28"]
[SourceQuality "1"]

1. e4 c5 2. Nf3 e6 3. d3 Nc6 4. g3 Nf6 5. Bg2 Be7 6. 0-0 0-0 7. Re1 d6 8. d4 e5 9. d5 Nb8 10. c4 Ne8 11. Nc3 g6 12. Bh6 Ng7 13. Nd2 Bg5 14. Bxg5 Qxg5 15. Nb5 Qd8 16. f4 a6 17. Nc3 Nd7 18. Nf3 Qf6 19. Qd2 Nh5 20. fxe5 Nxe5 21. Nxe5 Qxe5 22. Rf1 Nf6 23. Qf4 Nd7 24. Rad1 Qe7 25. b3 Kg7 26. Na4 b5 27. Nb2 Ne5 28. Nd3 Nxd3 29. Rxd3 Bd7 30. e5 Qxe5 31. Qxe5+ dxe5 32. d6 bxc4 33. bxc4 Rad8 34. Rd5 Be6 35. Rxe5 Bxc4 36. Rd1 Bxa2 37. Rxc5 Rfe8 38. d7 Re7 39. Rc7 Be6 40. Bc6 Bh3 41. Ra7 Bg4 42. Rd4 h5 43. Ba4 Be2 44. Rb7 Kf8 45. Rc7 Re5 46. Rb7 Ke7 47. Kf2 Bg4 48. Ra7 a5 49. Rd2 Be6 50. Bc6 h4 51. Ba4 hxg3+ 52. hxg3 Rc5 53. Rd4 g5 54. Rd2 Rf5+ 55. Ke3 Re5+ 56. Kf2 g4 57. Bc6 Rc5 58. Ba4 Rf5+ 59. Kg1 Rc5 60. Kf2 Kf6 61. Rd4 Ke5 62. Rd2 Bd5 63. Re2+ Be4 64. Rd2 f5 65. Re2 f4 66. gxf4+ Kxf4 67. Re1 g3+ 68. Kg1 Rh8 69. Kf1 Bf3 0-1

[Event "CRO-chT2 West"]
[Site "Croatia"]
[Date "2013.10.20"]
[Round "9.42"]
[White "Muslija, Idris"]
[Black "Grbac, Boris"]
[Result "1-0"]
[WhiteElo "2270"]
[BlackElo "2178"]
[PlyCount "82"]
[EventDate "2013.03.16"]
[EventType "team-tourn"]
[EventRounds "9"]
[EventCountry "CRO"]
[SourceTitle "EXT 2019"]
[Source "ChessBase"]
[SourceDate "2018.10.10"]
[SourceVersion "1"]
[SourceVersionDate "2018.10.10"]
[SourceQuality "1"]
[WhiteTeam "Karlobag"]
[BlackTeam "Porec Gortan"]
[WhiteTeamCountry "CRO"]
[BlackTeamCountry "CRO"]

1. c4 e5 2. Nc3 Nf6 3. g3 Bc5 4. Bg2 0-0 5. e3 Nc6 6. Nge2 Re8 7. d3 d6 8. 0-0 a5 9. a3 Bf5 10. h3 Qc8 11. g4 Bd7 12. Ng3 h6 13. e4 Nd4 14. Nf5 Kh7 15. Kh2 Ng8 16. Nxd4 Bxd4 17. Ne2 Bb6 18. f4 f6 19. f5 Ne7 20. b3 Nc6 21. h4 Rh8 22. Bd2 Kg8 23. Bh3 Kf8 24. Rf3 Qe8 25. Qc2 Nd4 26. Nxd4 Bxd4 27. Raf1 c5 28. a4 b6 29. Qd1 Ke7 30. Bg2 Kd8 31. Rh3 Kc7 32. Bf3 Bc6 33. Kg2 Qf7 34. Rfh1 Rag8 35. Rg3 Qe8 36. g5 hxg5 37. hxg5 g6 38. Rxh8 Rxh8 39. gxf6 gxf5 40. Bg5 fxe4 41. Bxe4 Bd7 1-0

[Event "Sarajevo Bosna op-B 43rd"]
[Site "Sarajevo"]
[Date "2013.06.02"]
[Round "3"]
[White "Muslija, Idris"]
[Black "Miladinovic, Zlatko"]
[Result "1-0"]
[WhiteElo "2279"]
[BlackElo "1979"]
[PlyCount "83"]
[EventDate "2013.06.01"]
[EventType "swiss"]
[EventRounds "9"]
[EventCountry "BIH"]
[SourceTitle "CBM 154 Extra"]
[Source "ChessBase"]
[SourceDate "2013.06.25"]
[SourceVersion "2"]
[SourceVersionDate "2013.06.25"]
[SourceQuality "1"]

1. e4 c5 2. Nf3 Nc6 3. d4 cxd4 4. Nxd4 Nf6 5. Nc3 e5 6. Ndb5 d6 7. Bg5 a6 8. Bxf6 gxf6 9. Na3 f5 10. exf5 Bxf5 11. Nc4 Nd4 12. Ne3 Bg6 13. Ncd5 Bg7 14. c3 Nc6 15. h4 h5 16. Be2 Rc8 17. g3 Ne7 18. 0-0 Nxd5 19. Nxd5 Qa5 20. Re1 Be4 21. Ne3 Qb6 22. Nc4 Rxc4 23. Bxc4 Qc6 24. Qb3 Bh1 25. Bf1 Rh6 26. Qc4 Qxc4 27. Bxc4 Bc6 28. Rad1 f5 29. Bd5 Ke7 30. c4 Rg6 31. Kf1 Bh6 32. Rd3 f4 33. Bxc6 bxc6 34. c5 fxg3 35. Rxd6 Rxd6 36. cxd6+ Kxd6 37. fxg3 Kd5 38. Ke2 Ke4 39. Rf1 c5 40. Rf6 Bc1 41. a3 a5 42. Ra6 1-0

[Event "Rijeka Liburnija op"]
[Site "Rijeka"]
[Date "2012.12.07"]
[Round "9"]
[White "Plenca, Julian"]
[Black "Muslija, Idris"]
[Result "1-0"]
[WhiteElo "2362"]
[BlackElo "2268"]
[PlyCount "91"]
[EventDate "2012.11.30"]
[EventType "swiss"]
[EventRounds "9"]
[EventCountry "CRO"]
[SourceTitle "CBM 151 Extra"]
[Source "ChessBase"]
[SourceDate "2012.12.18"]
[SourceVersion "1"]
[SourceVersionDate "2012.12.18"]
[SourceQuality "1"]

1. e4 e5 2. Nf3 Nc6 3. d4 exd4 4. Nxd4 Nf6 5. Nxc6 bxc6 6. e5 Qe7 7. Qe2 Nd5 8. c4 Ba6 9. g3 g6 10. Bh3 Bg7 11. 0-0 0-0 12. Re1 Rfe8 13. Nd2 Nb6 14. Qg4 f5 15. Qd1 Nxc4 16. Nf3 Nxe5 17. Nxe5 Bxe5 18. Bf4 d6 19. Bg2 Rab8 20. Bxc6 Rec8 21. Rc1 Rxb2 22. Qd5+ Qf7 23. Bxe5 dxe5 24. Qxe5 Rd2 25. Qa5 Rxa2 26. Qb4 Kh8 27. Rcd1 Qf6 28. Re6 Qg7 29. Rde1 Ra1 30. h4 Rxe1+ 31. Rxe1 Qf6 32. Re6 Qg7 33. h5 gxh5 34. Qh4 Rf8 35. Bf3 Bd3 36. Re7 Qf6 37. Qb4 f4 38. Re6 Qa1+ 39. Re1 Qg7 40. Re7 a5 41. Qa3 Qd4 42. Rd7 Qf6 43. Qxd3 Qg6 44. Be4 Qf6 45. Rxh7+ Kg8 46. Bd5+ 1-0

[Event "Rijeka Liburnija op"]
[Site "Rijeka"]
[Date "2012.12.02"]
[Round "3"]
[White "Tomulic, Teo"]
[Black "Muslija, Idris"]
[Result "0-1"]
[WhiteElo "1672"]
[BlackElo "2268"]
[PlyCount "110"]
[EventDate "2012.11.30"]
[EventType "swiss"]
[EventRounds "9"]
[EventCountry "CRO"]
[SourceTitle "CBM 151 Extra"]
[Source "ChessBase"]
[SourceDate "2012.12.18"]
[SourceVersion "1"]
[SourceVersionDate "2012.12.18"]
[SourceQuality "1"]

1. e4 c5 2. Nf3 d6 3. d4 cxd4 4. Nxd4 Nf6 5. Nc3 a6 6. a4 e5 7. Nb3 Be7 8. Be2 Be6 9. Be3 Nbd7 10. 0-0 Rc8 11. f4 Qc7 12. f5 Bc4 13. g4 h6 14. Rf2 Bxe2 15. Qxe2 Qc6 16. Qf3 Nb6 17. Na5 Qc7 18. Rd1 Nxa4 19. Nxa4 Qxa5 20. Nb6 Rc6 21. Nd5 Nxd5 22. exd5 Rc8 23. Qh3 Qd8 24. Kg2 Bg5 25. Rdf1 Bxe3 26. Qxe3 Qg5 27. Qe4 h5 28. h3 hxg4 29. hxg4 Rh4 30. Kg3 Qh6 31. Kf3 b5 32. b3 Rh3+ 33. Ke2 Rhc3 34. Kd1 Qh4 35. Rg2 R8c5 36. Rd2 Rg3 37. Rg2 Qh3 38. Rfg1 Re3 39. Qb4 Qf3+ 40. Kc1 Rxb3 41. Qxc5 dxc5 42. cxb3 Qxb3 43. Rd1 c4 44. g5 b4 45. d6 Kd7 46. g6 f6 47. Rb2 Qa3 48. Kb1 b3 49. Rc1 Qb4 50. Rf2 c3 51. Rcf1 Qa3 52. Rh1 c2+ 53. Rxc2 bxc2+ 54. Kxc2 Qa4+ 55. Kc3 Qc6+ 0-1

[Event "CRO-chT2 West"]
[Site "Rijeka"]
[Date "2012.10.13"]
[Round "7.33"]
[White "Muslija, Idris"]
[Black "Kovacevic, Matija"]
[Result "1/2-1/2"]
[WhiteElo "2228"]
[BlackElo "1948"]
[PlyCount "140"]
[EventDate "2012.03.17"]
[EventType "team-tourn"]
[EventRounds "9"]
[EventCountry "CRO"]
[SourceTitle "EXT 2013"]
[Source "ChessBase"]
[SourceDate "2012.11.22"]
[SourceVersion "1"]
[SourceVersionDate "2012.11.22"]
[SourceQuality "1"]

1. c4 e5 2. Nc3 Nf6 3. g3 c6 4. d4 exd4 5. Qxd4 d6 6. Nf3 Be7 7. Bg2 Be6 8. 0-0 0-0 9. Rd1 Nbd7 10. b3 d5 11. cxd5 Nxd5 12. Nxd5 Bxd5 13. Bb2 Bf6 14. Qd2 Bxb2 15. Qxb2 Qe7 16. Rac1 Nf6 17. Rd4 Rfe8 18. Rc2 Ne4 19. Nh4 Qf6 20. f3 Nd6 21. e4 Nb5 22. Rd1 Qxb2 23. Rxb2 Be6 24. Bf1 Rad8 25. Rxd8 Rxd8 26. Bxb5 cxb5 27. Ng2 g5 28. Ne3 a5 29. Kf2 a4 30. Ke2 Rd7 31. Nc2 Rd8 32. Ke3 Rd1 33. Nd4 axb3 34. axb3 Bd7 35. Rc2 Rb1 36. Rc7 Bc6 37. h4 g4 38. e5 gxf3 39. Rc8+ Kg7 40. Nf5+ Kg6 41. Ne7+ Kh5 42. Rg8 h6 43. Nf5 Rxb3+ 44. Kf2 Rb4 45. Rg7 Bd5 46. Rg8 Rb2+ 47. Ke3 Rb4 48. Rg7 Re4+ 49. Kf2 Ra4 50. Ke3 Rc4 51. Ne7 Re4+ 52. Kf2 Re2+ 53. Kf1 Rxe5 54. Nxd5 Rxd5 55. Rxf7 Kg4 56. Rg7+ Kf5 57. Rxb7 Ke4 58. Re7+ Kd3 59. Kf2 Rf5 60. g4 Rf8 61. g5 hxg5 62. hxg5 b4 63. Rb7 Kc3 64. Rc7+ Kb3 65. g6 Rf6 66. g7 Rg6 67. Kxf3 Kb2 68. Kf4 b3 69. Kf5 Rg1 70. Kf6 Ka2 1/2-1/2

[Event "Hum na Sutli op 6th"]
[Site "Hum na Sutli"]
[Date "2012.09.12"]
[Round "6"]
[White "Muslija, Idris"]
[Black "Rogulj, Branko"]
[Result "0-1"]
[WhiteElo "2249"]
[BlackElo "2414"]
[PlyCount "90"]
[EventDate "2012.09.07"]
[EventType "swiss"]
[EventRounds "9"]
[EventCountry "CRO"]
[SourceTitle "CBM 150 Extra"]
[Source "ChessBase"]
[SourceDate "2012.10.19"]
[SourceVersion "1"]
[SourceVersionDate "2012.10.19"]
[SourceQuality "1"]

1. c4 c5 2. Nf3 Nf6 3. Nc3 Nc6 4. d4 cxd4 5. Nxd4 e6 6. Ndb5 d5 7. cxd5 Nxd5 8. Nxd5 exd5 9. Qxd5 Bb4+ 10. Bd2 Qe7 11. a3 Bxd2+ 12. Qxd2 0-0 13. Rd1 Be6 14. e3 Bb3 15. Rc1 Rfd8 16. Qc3 Bd5 17. Qc5 Qe5 18. Qc3 Qb8 19. Rd1 a6 20. Nd4 Nxd4 21. Qxd4 Qc7 22. Qc3 Qe7 23. Rd4 Rac8 24. Qd2 Bb3 25. Rd3 Qf6 26. Be2 Rxd3 27. Bxd3 Rd8 28. Qe2 Qd6 29. Bc2 Bc4 30. Qxc4 Qd2+ 31. Kf1 Qc1+ 32. Ke2 Qxh1 33. Qc7 Rf8 34. Be4 b5 35. h3 g6 36. Bd5 Qb1 37. Qc3 Qf5 38. e4 Qd7 39. f4 Rc8 40. Qf6 Rc2+ 41. Kf3 Qa7 42. e5 Qd7 43. Ke4 Rd2 44. Qd6 Qf5+ 45. Kf3 Qd3+ 0-1